000 00409pab a2200145 454500
008 180718b1998 xxu||||| |||| 00| 0 eng d
100 _aDayal, John
245 _aA call for sanity, a call for peace: the Indian Christian response to the nuclear weapon race in South Asia
260 _c1998
300 _ap.8-11
362 _a30 May
650 _aNuclear weapons
773 _aYoung Indian
909 _a37845
999 _c37845
_d37845